The tent peg : a novel /

Bibliographic Details
Main Author: Van Herk, Aritha, 1954-
Format: Book
Language:English
Published: New York : Seaview Books, 1982

MARC

Tag First Indicator Second Indicator Subfields
LEADER 00000cam a22000008a 4500
001 in00000092615
005 20151008064311.0
008 811007c19821981nyu 00011 eng
010 |a  81052072  
020 |a 0872237516 :  |c $11.06 
035 |a (OCoLC)07923436 
035 |9 AAK3919AM 
039 0 |a 2  |b 3  |c 3  |d 3  |e 3 
040 |a DLC  |c DLC  |d TXA  |d UtOrBLW 
049 |a TXAM  |c [1442645] 
050 0 0 |a PR9199.3.V359  |b T4 1982 
082 0 |a 813/.54  |2 19 
100 1 |a Van Herk, Aritha,  |d 1954- 
245 1 4 |a The tent peg :  |b a novel /  |c by Aritha van Herk. 
263 |a 8203 
264 1 |a New York :  |b Seaview Books,  |c 1982 
264 4 |c ©1981 
300 |a 227 pages ;  |c 22 cm. 
336 |a text  |b txt  |2 rdacontent 
337 |a unmediated  |b n  |2 rdamedia 
338 |a volume  |b nc  |2 rdacarrier 
999 |a MARS 
999 f f |s c4b63363-b28f-3088-8a82-ccc9ddf1039a  |i 906a863d-b104-335a-bd0c-8aa31c0b1dac  |t 0 
952 f f |p ric  |a Texas A&M University  |b Rellis Campus  |c Joint Library Facility  |d Remote Storage  |t 0  |e PR9199.3.V359 T4 1982  |h Library of Congress classification  |i unmediated -- volume  |m A14806188170 
998 f f |a PR9199.3.V359 T4 1982  |t 0  |l Remote Storage